banner-ar

ادارة الازمات والكوارث فى القرن 21 : (Record no. 67192)

MARC details
000 -الفاتح
حقل البيانات ثابتة الطول 01033nam a2200277Ia 4500
005 - وقت وتاريخ اخر تعامل مع التسجيلة
رقم الضبط 20240530111002.0
008 - عناصر البيانات ثابتة الطول - معلومات عامة
حقل البيانات ثابتة الطول 140319s2009 ua a g 000 0 ara d
017 ## - رقم الايداع القانونى
المصدر ( الهيئة المختصة) مصر. دار الكتب
رقم الايداع القانونى 2020/22163
020 ## - الرقم الدولى المعيارى للكتب
الرقم الدولى المعيارى للكتاب 9774221133
040 ## - مصدر الفهرسة
وكالة الفهرسة الأصلية GCL /
وكالة النسخ GCL
082 04 - رقم تصنيف ديوى العشرى
رقم الطبعة 21
رقم التصنيف 658.4056 /
رقم المادة ف ا
100 0# - المدخل الرئيسى - إسم شخصى
الإسم الشخصى فريد النجار
245 10 - بيان العنوان
العنوان ادارة الازمات والكوارث فى القرن 21 :
بقية العنوان المقارنات - الاستراتيجيات - السلوكيات /
بيان المسئوليه,etc تاليف فريد النجار
250 ## - بيان الطبعة
بيان الطبعة ط. 1
260 ## - PUBLICATION, DISTRIBUTION, ETC. (IMPRINT)
تاريخ النشر أو التوزيع 2009.
300 ## - الوصف المادى
التعداد 305 ص. :
تفاصيل ماديه اخرى للوعاء ايض ؛
أبعاد الوعاء 24 سم.
650 07 - المدخل الاضافى بالموضوع-مصطلح موضوعى
مصطلح موضوعي ادارة الاعمال
650 07 - المدخل الاضافى بالموضوع-مصطلح موضوعى
مصطلح موضوعي الازمات
650 07 - المدخل الاضافى بالموضوع-مصطلح موضوعى
مصطلح موضوعي الكوارث
650 07 - المدخل الاضافى بالموضوع-مصطلح موضوعى
مصطلح موضوعي ازمات البطالة
650 07 - المدخل الاضافى بالموضوع-مصطلح موضوعى
مصطلح موضوعي ازمات الاستثمار الاجنبى
650 07 - المدخل الاضافى بالموضوع-مصطلح موضوعى
مصطلح موضوعي العولمة
650 07 - المدخل الاضافى بالموضوع-مصطلح موضوعى
مصطلح موضوعي ادارة الجودة الشاملة
942 ## - عناصر المدخل الإضافي( كوها)
مصدر التصنيف او مخطط الترفيف Dewey Decimal Classification
Koha [default] item type كتاب
260 ## - PUBLICATION, DISTRIBUTION, ETC. (IMPRINT)
-- الاسكندرية :
-- الدار الجامعية،
Holdings
حالة التراجع حالة الفقد حالة تلف ليس للاعارة المكان المؤقت الموقع الحالى موقع الترفيف تاريخ الاكتساب اجمالي اﻻعارات رقم الطلب الباركود تاريخ اخر مشاهدة تاريخ تفعيل السعر نوع وعاء كوها
        مكتبة القاهرة الكبرى مكتبة القاهرة الكبرى ق الرئيسية_الإدارة_ك عربى 05/07/2023   658.4056 / ف ا 169245 05/07/2023 05/07/2023 كتاب

Powered By

EGPV